000 00635nam a22002177a 4500
003 UA-OsUOA
001 48017
007 ta
008 20070827b un ||||| |||| 00| 0 ukr d
090 _a821.161.2
_bЛ67
942 _cBK
040 _aUA-OsUOA
_bukr
_cUA-OsUOA
_dUA-OsUOA
245 _aЛітература героїчного діяння
_cВакуленко Д. Т., Громова В. В.
300 _a344 с.
955 _a2
041 _aukr
080 _a821.161.2
260 _aК.
_bНаукова думка
_c1978
650 7 _a82 Література. Літературознавство
_2UDC
999 _c334123
_d334123